<?xml version="1.0" encoding="UTF-8"?>
<collection xmlns="http://www.loc.gov/MARC21/slim">
 <record>
  <leader>01426nam a2200205Ia 4500</leader>
  <controlfield tag="001">TDMU_21332</controlfield>
  <controlfield tag="008">210410s9999    xx            000 0 und d</controlfield>
  <datafield tag="082" ind1=" " ind2=" ">
   <subfield code="a">895.92230109</subfield>
  </datafield>
  <datafield tag="090" ind1=" " ind2=" ">
   <subfield code="b">Đ116</subfield>
  </datafield>
  <datafield tag="100" ind1=" " ind2=" ">
   <subfield code="a">Đặng, Tuấn Duy</subfield>
  </datafield>
  <datafield tag="245" ind1=" " ind2="0">
   <subfield code="a">Văn hóa Tây nguyên trong sáng tác của Nguyên Ngọc</subfield>
  </datafield>
  <datafield tag="245" ind1=" " ind2="0">
   <subfield code="c">Đặng Tuấn Duy; ThS. Lê Sỹ Đồng (Hướng dẫn)</subfield>
  </datafield>
  <datafield tag="260" ind1=" " ind2=" ">
   <subfield code="a">Bình Dương</subfield>
  </datafield>
  <datafield tag="260" ind1=" " ind2=" ">
   <subfield code="c">2014</subfield>
  </datafield>
  <datafield tag="300" ind1=" " ind2=" ">
   <subfield code="a">72tr</subfield>
  </datafield>
  <datafield tag="520" ind1=" " ind2=" ">
   <subfield code="a">Chuyên ngành: Sư phạm Ngữ văn; Khóa luận tốt nghiệp Đại học trường Đại học Thủ Dầu Một, 2010- 2014; Khóa luận nghiên cứu về hệ thống các giá trị văn hóa vùng đất Tây Nguyên. Gồm 3 chương. Chương 1 Những vấn đề chung về vùng đất Tây Nguyên và tác giả Nguyên Ngọc; Chương 2 Văn hóa Tây Nguyên trong tác phẩm của Nguyên Ngọc; Chương 3 Phương diện biểu đạt văn hóa Tây Nguyên trong tác phẩm của Nguyên Ngọc</subfield>
  </datafield>
  <datafield tag="650" ind1=" " ind2=" ">
   <subfield code="a">Khóa luận; Nguyên Ngọc</subfield>
   <subfield code="x">Tác phẩm; Văn học Việt Nam</subfield>
   <subfield code="x">Truyện ngắn; Tác gia văn học</subfield>
   <subfield code="x">Nguyên Ngọc</subfield>
  </datafield>
  <datafield tag="700" ind1=" " ind2=" ">
   <subfield code="a">Lê Sỹ Đồng</subfield>
  </datafield>
  <datafield tag="856" ind1=" " ind2=" ">
   <subfield code="u">http://lrc.tdmu.edu.vn/opac/search/detail.asp?aID=2&amp;ID=21332</subfield>
  </datafield>
  <datafield tag="980" ind1=" " ind2=" ">
   <subfield code="a">Trung tâm Học liệu Trường Đại học Thủ Dầu Một</subfield>
  </datafield>
 </record>
</collection>
